000 00589nam a22002297a 4500
003 UA-OsUOA
001 34315
007 ta
008 20050927b un ||||| |||| 00| 0 ukr d
100 _aТургенев И.С.
090 _a821.161.1
_bТ87
942 _cBK
040 _aUA-OsUOA
_brus
_cUA-OsUOA
_dUA-OsUOA
245 _aИзбраное
300 _a672 с.
955 _a3
041 _arus
080 _a821.161.1
260 _aМ.
_bМолодая гвардия
_c1968
650 7 _a82 Література. Літературознавство
_2UDC
999 _c320754
_d320754